[Event "VIE-ch"]
[Site "Hanoi"]
[Date "2024.03.16"]
[Round "9"]
[White "Nguyen, Hoang Bach"]
[Black "Tran, Tri Duc"]
[Result "1-0"]
[WhiteElo "1600"]
[BlackElo "1447"]
[PlyCount "62"]
[EventDate "2024.03.11"]
[EventType "swiss"]
[EventRounds "9"]
[EventCountry "VIE"]
[SourceTitle "CBM 219 Extra"]
[Source "ChessBase"]
[SourceDate "2024.05.31"]
[SourceVersion "1"]
[SourceVersionDate "2024.05.31"]
[SourceQuality "1"]

1. d4 d5 2. c4 c6 3. Nc3 Nf6 4. Nf3 e6 5. e3 Be7 6. a3 Nbd7 7. c5 0-0 8. b4 Qc7 9. Be2 e5 10. 0-0 Re8 11. a4 Bf8 12. Ba3 g6 13. Qc2 Bg7 14. h3 exd4 15. exd4 Ne4 16. Bd3 f5 17. Rfe1 Ndf6 18. Bb2 Be6 19. Ne5 Nd7 20. f3 Nxe5 21. dxe5 Nxc3 22. Qxc3 Re7 23. f4 Bh6 24. g3 g5 25. g4 Qd7 26. gxf5 Bxf5 27. e6 Rxe6 28. Bxf5 Rxe1+ 29. Rxe1 Qxf5 30. Qh8+ Kf7 31. Qxa8 Qxh3 1-0

[Event "VIE-ch U11"]
[Site "Ho Chi Minh City"]
[Date "2022.07.15"]
[Round "7"]
[White "Dau, Khuong Duy"]
[Black "Nguyen, Hoang Bach"]
[Result "1-0"]
[WhiteElo "2372"]
[BlackElo "2373"]
[PlyCount "115"]
[EventDate "2022.07.11"]
[EventType "swiss"]
[EventRounds "9"]
[EventCountry "VIE"]
[SourceTitle "EXT 2023"]
[Source "ChessBase"]
[SourceDate "2022.10.05"]
[SourceVersion "1"]
[SourceVersionDate "2022.10.05"]
[SourceQuality "1"]

1. e4 c6 2. d4 d5 3. Nc3 dxe4 4. Nxe4 Bf5 5. Ng3 Bg6 6. h4 h6 7. h5 Bh7 8. Nf3 Nd7 9. Bd3 Bxd3 10. Qxd3 e6 11. Bd2 Ngf6 12. 0-0-0 Be7 13. Kb1 Qc7 14. Ne4 0-0-0 15. g3 Nxe4 16. Qxe4 Kb8 17. c4 Ka8 18. Bc3 Bf6 19. Qe2 c5 20. b3 cxd4 21. Nxd4 Bxd4 22. Bxd4 e5 23. Bc3 f6 24. Rd2 Nc5 25. Rhd1 Rxd2 26. Rxd2 Rd8 27. Qg4 Rxd2 28. Bxd2 Qd7 29. Qxd7 Nxd7 30. g4 Nc5 31. Kc2 Kb8 32. Be3 Ne6 33. Kd3 b6 34. Ke4 Kc7 35. Kd5 Kd7 36. c5 bxc5 37. Bxc5 a6 38. Be3 Nc7+ 39. Kc5 Ke6 40. Kc6 Nd5 41. Bd2 Nf4 42. Bxf4 exf4 43. b4 f5 44. gxf5+ Kxf5 45. a4 g5 46. hxg6 Kxg6 47. b5 axb5 48. axb5 Kg5 49. b6 Kg4 50. b7 Kf3 51. b8Q h5 52. Kd5 h4 53. Ke5 h3 54. Kf5 Kxf2 55. Kxf4 h2 56. Qb2+ Kg1 57. Kg3 h1N+ 58. Kf3 1-0

[Event "VIE-ch U11"]
[Site "Ho Chi Minh City"]
[Date "2022.07.14"]
[Round "5"]
[White "Nguyen, Hai Khanh"]
[Black "Nguyen, Hoang Bach"]
[Result "1/2-1/2"]
[WhiteElo "2359"]
[BlackElo "2373"]
[PlyCount "67"]
[EventDate "2022.07.11"]
[EventType "swiss"]
[EventRounds "9"]
[EventCountry "VIE"]
[SourceTitle "EXT 2023"]
[Source "ChessBase"]
[SourceDate "2022.10.05"]
[SourceVersion "1"]
[SourceVersionDate "2022.10.05"]
[SourceQuality "1"]

1. d4 d5 2. Nf3 Nf6 3. g3 Bf5 4. Bg2 e6 5. 0-0 Nbd7 6. c4 c5 7. Nc3 dxc4 8. Nh4 Bg6 9. Bxb7 Rb8 10. Ba6 Qb6 11. Bxc4 cxd4 12. Na4 Qc6 13. b3 e5 14. e3 dxe3 15. Bxe3 Ba3 16. Bxa7 Ra8 17. Be3 Rxa4 18. bxa4 Qxc4 19. Nxg6 hxg6 20. Qb3 Qb4 21. Bc1 Qxb3 22. axb3 Bc5 23. Ba3 Bxa3 24. Rxa3 Ke7 25. b4 Kd6 26. Rc1 Rb8 27. b5 Nc5 28. Rd1+ Nd5 29. f3 f5 30. Ra2 Nd7 31. Rc2 Rb6 32. Kf2 N7f6 33. h4 e4 34. Ke2 1/2-1/2

[Event "VIE-ch U11"]
[Site "Ho Chi Minh City"]
[Date "2022.07.14"]
[Round "6"]
[White "Nguyen, Hoang Bach"]
[Black "Nguyen, Minh Khang"]
[Result "1-0"]
[WhiteElo "2373"]
[BlackElo "2350"]
[PlyCount "69"]
[EventDate "2022.07.11"]
[EventType "swiss"]
[EventRounds "9"]
[EventCountry "VIE"]
[SourceTitle "EXT 2023"]
[Source "ChessBase"]
[SourceDate "2022.10.05"]
[SourceVersion "1"]
[SourceVersionDate "2022.10.05"]
[SourceQuality "1"]

1. d4 Nf6 2. c4 g6 3. Nc3 d5 4. Nf3 Bg7 5. Bg5 dxc4 6. Qa4+ c6 7. Qxc4 0-0 8. e3 a6 9. Be2 b5 10. Qb3 Be6 11. Qc2 Nbd7 12. 0-0 c5 13. dxc5 Nxc5 14. Nxb5 Rc8 15. Nc3 Nce4 16. Bxf6 Nxf6 17. Bxa6 Rc6 18. Qe2 Qb6 19. Bb5 Rcc8 20. a4 Ra8 21. Nd4 Bd7 22. Bxd7 Nxd7 23. Ndb5 Rfb8 24. Rfd1 Nc5 25. Nd5 Qb7 26. Qc2 Rc8 27. Ndc3 h5 28. Rdc1 Qb6 29. b4 Na6 30. Qb3 Qb7 31. Rab1 Rab8 32. Na2 Rxc1+ 33. Rxc1 Qe4 34. Qc4 Qe5 35. Nd4 1-0

[Event "VIE-ch U11"]
[Site "Ho Chi Minh City"]
[Date "2022.07.13"]
[Round "4"]
[White "Nguyen, Hoang Bach"]
[Black "Tran, Hoang Phuoc Tri"]
[Result "1-0"]
[WhiteElo "2373"]
[BlackElo "2358"]
[PlyCount "51"]
[EventDate "2022.07.11"]
[EventType "swiss"]
[EventRounds "9"]
[EventCountry "VIE"]
[SourceTitle "EXT 2023"]
[Source "ChessBase"]
[SourceDate "2022.10.05"]
[SourceVersion "1"]
[SourceVersionDate "2022.10.05"]
[SourceQuality "1"]

1. d4 d5 2. c4 e6 3. Nf3 Nf6 4. Nc3 Nc6 5. Bf4 Bb4 6. e3 h6 7. Bd3 0-0 8. 0-0 Nh5 9. Bg3 Nxg3 10. hxg3 Bxc3 11. bxc3 b6 12. cxd5 exd5 13. e4 Bg4 14. Qc2 dxe4 15. Bxe4 Bxf3 16. Bxf3 Qf6 17. Qa4 Ne7 18. Bxa8 Rxa8 19. Rfe1 Nd5 20. Re8+ Kh7 21. Qc2+ g6 22. Rxa8 Qc6 23. Qe4 Qc4 24. Qe8 Qf1+ 25. Rxf1 Kg7 26. Qh8# 1-0

[Event "VIE-ch U13"]
[Site "Hanoi"]
[Date "2022.06.13"]
[Round "3"]
[White "Ngo, Tran Trung Hieu"]
[Black "Nguyen, Hoang Bach"]
[Result "0-1"]
[WhiteElo "2364"]
[BlackElo "2377"]
[PlyCount "80"]
[EventDate "2022.06.11"]
[EventType "swiss"]
[EventRounds "9"]
[EventCountry "VIE"]
[SourceTitle "EXT 2023"]
[Source "ChessBase"]
[SourceDate "2022.10.05"]
[SourceVersion "1"]
[SourceVersionDate "2022.10.05"]
[SourceQuality "1"]

1. e4 c6 2. d4 d5 3. e5 c5 4. c3 Nc6 5. Bb5 e6 6. Nf3 Bd7 7. 0-0 Nxe5 8. Nxe5 Bxb5 9. Re1 cxd4 10. cxd4 Nf6 11. Nc3 Bd7 12. Bf4 Be7 13. Qb3 Bc6 14. Nb5 0-0 15. Rac1 Qa5 16. Nxc6 bxc6 17. Nd6 Bxd6 18. Bxd6 Rfc8 19. Be5 Nd7 20. Bd6 Nb6 21. Bb4 Qa6 22. Qg3 Qb5 23. Be7 Qxb2 24. Bf6 g6 25. Rb1 Qd2 26. Qh3 Nd7 27. Rxe6 Nxf6 28. Rxf6 Rab8 29. Rf1 Qxd4 30. Rf3 c5 31. Rd3 Qe5 32. Re3 Qd6 33. Rfe1 d4 34. Rb3 c4 35. Rxb8 Rxb8 36. Qh6 c3 37. g3 d3 38. Re3 c2 39. Kg2 Qd5+ 40. f3 c1Q 0-1

[Event "VIE-ch U13"]
[Site "Hanoi"]
[Date "2022.06.13"]
[Round "4"]
[White "Nguyen, Hoang Bach"]
[Black "Ngo, Nhat Nguyen Khang"]
[Result "1-0"]
[WhiteElo "2377"]
[BlackElo "2357"]
[PlyCount "98"]
[EventDate "2022.06.11"]
[EventType "swiss"]
[EventRounds "9"]
[EventCountry "VIE"]
[SourceTitle "EXT 2023"]
[Source "ChessBase"]
[SourceDate "2022.10.05"]
[SourceVersion "1"]
[SourceVersionDate "2022.10.05"]
[SourceQuality "1"]

1. d4 Nf6 2. c4 e6 3. Nc3 Bb4 4. Nf3 0-0 5. Bd2 c5 6. dxc5 Bxc5 7. e3 d5 8. cxd5 Nxd5 9. Nxd5 Qxd5 10. Bc3 Rd8 11. Qxd5 exd5 12. Be2 Nc6 13. Rd1 Bf5 14. 0-0 Rac8 15. Rd2 f6 16. Rfd1 Be6 17. Ne1 a6 18. Nd3 Bd6 19. Bf3 b5 20. Ne1 Ne7 21. Nc2 Bf7 22. Nb4 Bxb4 23. Bxb4 Nc6 24. Bc5 Ne5 25. Bxd5 Rxc5 26. Bxf7+ Nxf7 27. Rxd8+ Nxd8 28. Rxd8+ Kf7 29. g3 Rc2 30. Ra8 Rxb2 31. Rxa6 b4 32. Kg2 b3 33. axb3 Rxb3 34. h4 Kg6 35. Ra5 Rb2 36. g4 Rb7 37. f4 Kf7 38. Kf3 Re7 39. Ra6 Rd7 40. g5 Re7 41. gxf6 gxf6 42. e4 Rb7 43. Kg4 Kg7 44. Kf5 Rb5+ 45. e5 fxe5 46. fxe5 Rb7 47. h5 Kf7 48. Ra1 Rc7 49. Rg1 Rb7 1-0

[Event "VIE-ch U13"]
[Site "Hanoi"]
[Date "2022.06.12"]
[Round "2"]
[White "Nguyen, Hoang Bach"]
[Black "Tran, Nguyen Hoang Lam"]
[Result "0-1"]
[WhiteElo "2377"]
[BlackElo "2346"]
[PlyCount "88"]
[EventDate "2022.06.11"]
[EventType "swiss"]
[EventRounds "9"]
[EventCountry "VIE"]
[SourceTitle "EXT 2023"]
[Source "ChessBase"]
[SourceDate "2022.10.05"]
[SourceVersion "1"]
[SourceVersionDate "2022.10.05"]
[SourceQuality "1"]

1. d4 d6 2. c4 c6 3. Nf3 Nd7 4. g3 Qc7 5. Bg2 e5 6. dxe5 dxe5 7. 0-0 Ngf6 8. b3 Be7 9. Bb2 0-0 10. Qc2 Re8 11. Nc3 Nf8 12. Rad1 Ng6 13. Rd2 h6 14. Rfd1 Be6 15. Ne4 Nxe4 16. Qxe4 f5 17. Qc2 Bb4 18. Bc3 Bxc3 19. Qxc3 f4 20. Rd6 Rad8 21. c5 e4 22. Ne5 Nxe5 23. Qxe5 Bxb3 24. axb3 Rxe5 25. Rxd8+ Kh7 26. gxf4 Re7 27. e3 Qa5 28. Rf8 Re6 29. Bh3 Rg6+ 30. Bg2 Qxc5 31. Rfd8 Qc2 32. Kf1 Rxg2 33. Kxg2 Qxb3 34. R1d4 a5 35. Ra8 b6 36. Rxe4 c5 37. Ree8 Kg6 38. Kg3 a4 39. Kh4 Qb2 40. Re6+ Kf7 41. f5 Qxf2+ 42. Kg4 Qg2+ 43. Kf4 Qxa8 44. e4 a3 0-1